Valtiot, joiden nimessä on R - Statistics

Yleistilastot
  • Tätä visaa on pelattu 1 233 kertaa
  • Keskiarvotulos 70 / 84
Vastaustilastot
vihje valtio % Oikein
1 x R Ruotsi
99%
1 x R Ranska
96%
1 x R Irlanti
93%
1 x R Romania
93%
1 x R Australia
92%
1 x R Norja
92%
1 x R Brasilia
91%
1 x R Etelä-Korea
91%
1 x R Portugali
90%
1 x R Ruanda
90%
1 x R Turkki
90%
1 x R Marokko
89%
1 x R Serbia
89%
1 x R Irak
88%
1 x R Iran
88%
1 x R Kreikka
88%
1 x R Algeria
87%
1 x R Argentiina
87%
1 x R Etelä-Afrikka
87%
1 x R Israel
87%
1 x R Mauritania
87%
1 x R Pohjois-Korea
87%
1 x R Turkmenistan
87%
2 x R Andorra
86%
1 x R Armenia
86%
1 x R Honduras
86%
1 x R Viro
86%
1 x R Azerbaidžan
85%
1 x R Bulgaria
85%
1 x R Kroatia
85%
1 x R Mauritius
85%
1 x R Paraguay
85%
1 x R San Marino
85%
1 x R Saudi-Arabia
84%
1 x R Ukraina
84%
1 x R Uruguay
84%
2 x R Yhdistyneet arabiemiirikunnat
84%
1 x R Komorit
83%
1 x R Luxemburg
83%
1 x R Madagaskar
83%
1 x R Peru
83%
1 x R Unkari
83%
1 x R Bosnia ja Hertsegovina
82%
1 x R Brunei
82%
1 x R Jordania
82%
1 x R Kirgisia
82%
1 x R Kiribati
82%
1 x R Kypros
82%
2 x R Marshallinsaaret
82%
1 x R Niger
82%
1 x R Syyria
82%
1 x R Keski-Afrikan tasavalta
81%
1 x R Mikronesia
81%
1 x R Montenegro
81%
1 x R Nigeria
81%
1 x R Barbados
80%
1 x R Georgia
80%
1 x R Kongon demokraattinen tasavalta
80%
2 x R Norsunluurannikko
80%
1 x R Bahrain
79%
1 x R Burundi
79%
1 x R Kamerun
79%
1 x R Nauru
79%
1 x R Nicaragua
79%
1 x R Ecuador
78%
2 x R Eritrea
78%
1 x R Itä-Timor
78%
1 x R Myanmar
78%
1 x R Suriname
78%
1 x R Burkina Faso
77%
1 x R Costa Rica
77%
1 x R El Salvador
77%
1 x R Grenada
77%
1 x R Kap Verde
77%
1 x R Liberia
77%
2 x R Sierra Leone
77%
1 x R Singapore
77%
1 x R Sri Lanka
77%
1 x R Trinidad ja Tobago
77%
1 x R Qatar
75%
1 x R Antigua ja Barbuda
73%
1 x R Saint Vincent ja Grenadiinit
71%
1 x R São Tomé ja Príncipe
71%
1 x R Salomonsaaret
69%
Ehtoja vastaavia visoja ei löytynyt
Tulosjakauma
Jokaisen tuloksen saaneiden osuus
Persentiili vastausten määrän mukaan
Tuloshistoriasi
Et ole pelannut tätä visaa